Focus Lancashire and Cumbria (Record no. 82269)

MARC details
000 -LEADER
fixed length control field 01113cab a22002415a 4500
001 - CONTROL NUMBER
control field L149744
008 - FIXED-LENGTH DATA ELEMENTS--GENERAL INFORMATION
fixed length control field 100421e20100421xxk 000 0 eng d
035 ## - SYSTEM CONTROL NUMBER
System control number (Sirsi) u149744
041 0# - LANGUAGE CODE
Language code of text/sound track or separate title eng
100 1# - MAIN ENTRY--PERSONAL NAME
Personal name Cunningham, David
245 00 - TITLE STATEMENT
Title Focus Lancashire and Cumbria
260 ## - PUBLICATION, DISTRIBUTION, ETC.
Date of publication, distribution, etc. 2010
490 ## - SERIES STATEMENT
Series statement Estates Gazette
Volume/sequential designation (1015) 17 April 2010, 73-83(10)
520 ## - SUMMARY, ETC.
Summary, etc. Plans to boost tourism and regeneration in Blackpool with the Council investing in leisure attractions such as Blackpool Tower and the Winter Gardens and regeneration of Talbot Gateway area. Scrutinises the Lancaster Castle View Centros Miller's retail development scheme. Compares regeneration policies between Lancastershire and Cumbria. Overview of prime office and industrial rents, take up, availability and retail rents zone A in Carlisle, Burnley, Blackpool, Lancaster, Blackburn and Preston.
590 ## - LOCAL NOTE (RLIN)
Local note KA
651 #4 - SUBJECT ADDED ENTRY--GEOGRAPHIC NAME
Geographic name Lancashire
651 #4 - SUBJECT ADDED ENTRY--GEOGRAPHIC NAME
Geographic name Cumbria
690 ## - LOCAL SUBJECT ADDED ENTRY--TOPICAL TERM (OCLC, RLIN)
Topical term or geographic name as entry element PROPERTY-COMMERCIAL PROPERTY-COMMERCIAL PROPERTY MARKET
700 1# - ADDED ENTRY--PERSONAL NAME
Personal name Thame, David
700 1# - ADDED ENTRY--PERSONAL NAME
Personal name Day, Karen
700 1# - ADDED ENTRY--PERSONAL NAME
Personal name Smith, Melanie
942 ## - ADDED ENTRY ELEMENTS (KOHA)
Suppress in OPAC 0
Holdings
Withdrawn status Lost status Source of classification or shelving scheme Damaged status Not for loan Home library Current library Shelving location Date acquired Total Checkouts Full call number Barcode Date last seen Copy number Price effective from Koha item type
    Dewey Decimal Classification     London London Journal article 21/04/2010   ONLINE PUBLICATION 149744-1001 06/08/2019 1 06/08/2019 Journal article